000 00350nam a2200133Ia 4500
008 231221s9999 xx 000 0 und d
020 _a978-0-85729-265-0
041 _aEnglish
100 _aStuart Reeves
245 0 _aDesigning Interfaces in Public Settings
260 _c2011
_bSpringer US
_aNew York
650 _aComputer Science
942 _cEB
999 _c218381
_d218381